000 01351nam a22002897a 4500
005 20240530110518.0
008 160210s2013 su a g b 000 0 ara d
017 _a1433/8109
_bالسعودية . مكتبة الملك فهد الوطنية
020 _a9786038120385
040 _aEG-CaGPL
082 0 4 _221
_a320.953\
_bم ن
100 0 _aمحمد احمد العدوى .
245 1 2 _aالنظم السياسية فى الخليج و الجزيرة العربية :
_bقضايا نظرية و حالات دراسية /
_cمحمد احمد العدوى .
250 _aط2.
260 _aالرياض :
_bدار الزهراء ،
_c2013
300 _a244 ص ؛
_c24 سم .
504 _aيشتمل على ارجاعات ببليوجرافية
651 0 4 _aالعالم العربى
_xالاحوال السياسية .
651 0 4 _aالامارات العربية المتحدة
_xالاحوال السياسية .
651 0 4 _aاليمن
_xالاحوال السياسية .
651 0 4 _aالكويت
_xالاحوال السياسية .
651 0 4 _aالسعودية
_xالاحوال السياسية .
651 0 4 _aالخليج العربى
_xالعلاقات الخارجية .
651 0 4 _aالخليج العربى
_xالاحوال السياسية .
942 _2ddc
_cBK
999 _c61836
_d61836